000 00675nam a22002177a 4500
999 _c10216
_d10216
003 AR-CdUCM
008 190329b ||||| |||| 00| 0 spa d
040 _aMUNICIPALIDAD PROVINCIAL DEL CUSCO
_cBIBLIOTECA MUNICIPAL DEL CUSCO
082 _23ed
_aES / 800 /
_bD66
100 _aDickens, Carlos
_926933
245 _aDavid Copperfield /
260 _aBarcelona :
_bEditorial Bruguera,
_c1964.
300 _a255 páginas ;
_bIlustraciones,
_c19 cm.
440 _aColección historias
_926794
505 _aContenido: Literatura escolar.
650 _aLiteratura escolar
_926679
650 _aFicción
_9184
650 _aSiglo XX
_98
942 _2ddc
_cLIBROS
945 _adavv